000
00201 a2200097 4500
001
48931
100
_a
ZAN, Bonanni A
245
_a
The Book of When
260
_a
_b
Dean Pub
_c
090
_c
31824
_d
31824
942
_a
NUST-CAE
_c
M
_c
24252
999
_c
284004
_d
284004